| 000 | 00617nam a2200229Ia 4500 | ||
|---|---|---|---|
| 003 | GCL | ||
| 008 | 140319s9999 xx 000 0 ara d | ||
| 040 |
_aGCL / _cGCL |
||
| 082 | 0 | 4 |
_a113.8 _bا ت |
| 100 | 1 | _aاحمد بهجت | |
| 245 | 1 | 0 |
_aتاملات فى عذوبة الكون / _cاحمد بهجت |
| 260 |
_a[S.N] : _bالزهراء للاعلام العربى ، _c1989 |
||
| 300 | _a187 ص | ||
| 490 | _a | ||
| 650 | 0 | 4 | _aتصوف اسلامى |
| 650 | 0 | 4 | _aالارض |
| 650 | 0 | 4 | _aالتأمل |
| 650 | 0 | 4 | _aالكون |
| 650 | 0 | 4 | _aالخلق |
| 650 | 0 | 4 | _aالكونيات |
| 942 |
_2ddc _cBK |
||
| 999 |
_c54738 _d54738 |
||